| 000 -ლიდერი |
| ფიქსირებული სიგრძის საკონტროლო ველი |
01224nam a22002297a 4500 |
| 003 - საკონტროლო ნომრის იდენტიფიკატორი |
| საკონტროლო ველი |
Ge_BSU |
| 005 - ბოლო ოპერაციის თარიღი და დრო |
| საკონტროლო ველი |
20250128124532.0 |
| 008 - ფიქსირებული სიგრძის მონაცემთა ელემენტები - ზოგადი ინფორმაცია |
| ფიქსირებული სიგრძის საკონტროლო ველი |
250128s2019 ge ||||| |||| 00| 0 geo d |
| 020 ## - წიგნის საერთაშორისო სტანდარტული ნომერი |
| International Standard Book Number |
9789941255847 |
| 041 ## - ენის კოდი |
| Language code of text/sound track or separate title |
geo |
| 080 ## - უნივერსალური ათობითი კლასიფიკაციის ინდექსი |
| Universal Decimal Classification number |
94(=353.1)(55) : 821.353.1-94 ზ-86 |
| 100 ## - მთავარი ჩანაწერი - პიროვნების სახელი |
| Personal name |
ზოსიძე, ნიაზ |
| 9 (RLIN) |
14044 |
| 245 ## - ცნობა სათაურის შესახებ |
| Title |
გომარჯოს ფერეიდანს : |
| Remainder of title |
[ფერეიდნელი ქართველები] / |
| Statement of responsibility, etc |
ნიაზ ზოსიძე; რედაქტორი ზაზა შაშიკაძე; გარეკანის დიზაინი გიორგი შარაშიძე. |
| 264 ## - წარმოების, გამოცემის, დისტრიბუციის და სხვა ცნობები |
| გამოცემის, წარმოების, დისტრიბუციის... ადგილი |
თბილისი : |
| გამოცემის, წარმოების, დისტრიბუციის... სახელწოდება |
მერიდიანი, |
| გამოცემის, წარმოების, დისტრიბუციის... თარიღი |
2019. |
| 300 ## - ფიზიკური აღწერა |
| Extent |
250 გვ. : |
| Other physical details |
ფოტ. ; |
| Dimensions |
20 სმ. |
| 653 ## - INDEX TERM--UNCONTROLLED |
| Uncontrolled term |
ქართველები ირანში |
| 653 ## - INDEX TERM--UNCONTROLLED |
| Uncontrolled term |
ფერეიდნელი ქართველები |
| 700 ## - ADDED ENTRY--PERSONAL NAME |
| Personal name |
შაშიკაძე, ზაზა |
| Relator term |
რედაქტორი |
| 9 (RLIN) |
24152 |
| 700 ## - ADDED ENTRY--PERSONAL NAME |
| Personal name |
შარაშიძე, გიორგი |
| Relator term |
გარეკანის დიზაინერი |
| 9 (RLIN) |
17229 |
| 773 ## - HOST ITEM ENTRY |
| Title |
ნაჩუქარი |
| 942 ## - ADDED ENTRY ELEMENTS (KOHA) |
| Source of classification or shelving scheme |
|
| Koha item type |
წიგნი |